Statistics for Flags of Modern-Day Countries (1500)

Click here to take the quiz!

General Stats

  • This quiz has been taken 39 times
  • The average score is 17 of 81

Answer Stats

Answer% Correct
Hungary
69%
Poland
69%
Sweden
69%
China
62%
France
62%
Georgia
62%
Lithuania
62%
Moldova
54%
Germany
46%
Morocco
46%
Portugal
46%
Denmark
38%
Latvia
38%
Nepal
38%
Egypt
31%
Kazakhstan
31%
Korea
31%
Mexico
31%
Montenegro
31%
Myanmar
31%
New Zealand
31%
Norway
31%
Romania
31%
San Marino
31%
Spain
31%
Switzerland
31%
United States (Iroquois)
31%
Vatican City
31%
Brunei
23%
Cambodia
23%
Greece
23%
Malaysia
23%
Turkey
23%
Ukraine
23%
Vietnam
23%
Algeria
15%
Bangladesh
15%
Bosnia and Herzegovina
15%
Chad
15%
Cyprus
15%
Iran
15%
Iraq
15%
Italy
15%
Mali
15%
Mongolia
15%
Oman
15%
Peru
15%
Rwanda
15%
Tunisia
15%
Zimbabwe
15%
Armenia
8%
Austria
8%
Belize
8%
Djibouti
8%
Ethiopia
8%
India
8%
Japan
8%
Liechtenstein
8%
Malawi
8%
Mauritania
8%
Mozambique
8%
Netherlands
8%
Philippines
8%
Serbia
8%
Sri Lanka
8%
United Kingdom (England)
8%
Yemen
8%
Afghanistan
0%
Czech Republic
0%
Indonesia
0%
Ireland
0%
Luxembourg
0%
Maldives
0%
Malta
0%
Nigeria
0%
Russia
0%
Senegal
0%
Somalia
0%
Sudan
0%
Tanzania
0%
Uzbekistan
0%

Score Distribution

Percentile by Number Answered

Percent of People with Each Score

Your Score History

You have not taken this quiz